Paroles _ C'est beau la bourgeoisie de DISCO BITCH - Statistiques

Statistiques générales
  • Ce quiz a été pris 5 fois
  • Le résultat moyen est 324 sur 400
Statistiques - réponses
Hint Réponse % Correct
a
100%
à
100%
ah
100%
ah...)
100%
all
100%
And
100%
anglais
100%
ass
100%
beau
100%
bitch
100%
Bitch
100%
boit
100%
bourgeoisie
100%
caches
100%
care
100%
(care)
100%
Refrain C'est
100%
champa-
100%
champagne
100%
coupe
100%
crazy,
100%
dans
100%
Dans
100%
de
100%
dents
100%
don't
100%
du
100%
Du
100%
en
100%
flâne
100%
français
100%
fric
100%
gants
100%
Hawaï
100%
Pont 1 | Pont 2 I'm
100%
j'parle
100%
just
100%
Pont 2 Just
100%
la
100%
Couplet 2 La
100%
le
100%
les
100%
like
100%
Like
100%
masse
100%
money
100%
next
100%
of
100%
(ooh
100%
pa-
100%
pas
100%
passé
100%
petite
100%
petite...
100%
plus
100%
pour
100%
Pour
100%
prendre
100%
que
100%
qui
100%
Qui
100%
quotas
100%
s'paie
100%
ta
100%
Couplet 1 T'as
100%
temps
100%
tes
100%
the
100%
they
100%
They
100%
to
100%
ton
100%
tous
100%
tu
100%
v-,
100%
vie
100%
you
100%
you,
100%
you...
100%
Ans
50%
ans
50%
caisse
50%
célib'
50%
choses
50%
Comme
50%
comptes
50%
cracher
50%
d'cent
50%
dernier
50%
des
50%
grows
50%
jusqu'aux
50%
moi
50%
moins
50%
n'ont
50%
not
50%
parents
50%
prix
50%
régulièrement
50%
rentrer
50%
sac
50%
si
50%
soirées
50%
that
50%
Versace,
50%
Y'a
50%
bitches
0%
boire
0%
boisson,
0%
champgne
0%
claques
0%
Craqué
0%
dedans
0%
d'trente
0%
Faudra
0%
fond
0%
for
0%
Couplet 3 J'aimerai
0%
l'billet
0%
out
0%
pagne,
0%
pagne
0%
piles
0%
recordin'
0%
recording
0%
régulièrement
0%
Shakin'
0%
t'faire
0%
their
0%
there
0%
(there)
0%
track
0%
trimer
0%
un
0%
un,
0%
verre,
0%
Aucun quiz correspondant
Distribution des résultats
% des personnes avec chaque résultat
Percentile par nombre de réponses
Votre historique - résultats
Vous n’avez pas pris ce quiz